000 00466nam a2200193Ia 4500
005 20250603145639.0
008 250603s9999 xx 000 0 und d
020 _a9789785382662
050 _aKP 104 .O8/
100 _aOsamolu, S., Oduwole, O.& Oba, C.
245 0 _aReal property law and practice in Nigeria
250 _a2nd ed.
260 _aLagos
260 _bPanaf press Nig.
260 _c2016
300 _a628 p
650 _aLagos
942 _cBK
999 _c42446
_d42446